| 000 | 00000nam##2200000za#4500 |
| 001 | 9.592279 |
| 003 | CaOODSP |
| 005 | 20210624201137 |
| 007 | cr ||||||||||| |
| 008 | 150406|2005||||xxc|||||o f|0| 0 fre|d |
| 020 | |a0-662-74579-5 |
| 040 | |aCaOODSP|bfre |
| 043 | |an-cn--- |
| 086 | 1 |aPS3-1/2005-3F-PDF |
| 110 | 1 |aCanada. |bSécurité publique et protection civile Canada. |
| 245 | 10|aSystème national de repérage : |h[ressource électronique]|bidentification des délinquants violents à risque élevé et intervention / |c[par] James Bonta et Annie K. Yessine. |
| 260 | |aOttawa - Ontario : |bSécurité publique et Protection civile Canada |cc2005. |
| 300 | |a40p.|bréférences, tableaux |
| 490 | 1 |aRecherche sur les questions correctionnelles, rapport pour spécialistes|v2005-04 |
| 590 | |a12-43-Supp|b2012-12-07 |
| 775 | 08|tThe national flagging system : |w(CaOODSP)9.559551 |
| 776 | 0#|tThe national flagging system : |w(CaOODSP)9.541702 |
| 776 | 0#|tSystème national de repérage : |w(CaOODSP)9.541703 |
| 830 | #0|aRecherche sur les questions correctionnelles, rapport pour spécialistes ;|v2005-04|w(CaOODSP)9.501168 |
| 856 | 40|ahttp://publications.gc.ca|qPDF|s264 Ko|uhttps://publications.gc.ca/collections/collection_2012/sp-ps/PS3-1-2005-3-fra.pdf|y2005-04 |